LEADER 00986nam--2200313---450- 001 990000374150203316 035 $a0037415 035 $aUSA010037415 035 $a(ALEPH)000037415USA01 035 $a0037415 100 $a20010326d1908----km-y0itay0103----ba 101 $aita 102 $aIT 105 $a||||||||001yy 200 1 $aProve civili$emanuale pratico-alfabetico$esulla loro ammissibilità e valore probatorio per ragione di materia, secondo la legge, la dottrina e la giurisprudenza$fCesare Baldi 210 $aTorino$cUnione Tipografico-Editrice Torinese$d1908 215 $a582 p.$d23 cm 676 $a347.4506 700 1$aBALDI,$bCesare$03042 912 $a990000374150203316 951 $aF.V./IG XVII B 77$cF.V./IG XVII B 959 $aBK 969 $aGIU 969 $aANTICO 979 $aTAMI$b40$c20010326$lUSA01$h1331 979 $c20020403$lUSA01$h1645 979 $aPATRY$b90$c20040406$lUSA01$h1626 996 $aProve civili$9227451 997 $aUNISA